| 000 | 00560nam a2200241Ia 4500 | ||
|---|---|---|---|
| 008 | 160803s9999 xx 000 0 und d | ||
| 020 | _a9780545237925 | ||
| 100 | _aGraff,Liza | ||
| 245 | _aUmbrella summer / | ||
| 245 | _cLisa Graff. | ||
| 260 | _aNew York : | ||
| 260 | _bScholastic Inc. | ||
| 260 | _c2009 | ||
| 300 | _a235 pages ; | ||
| 300 | _c19 cm | ||
| 650 | _aDeath -- | ||
| 650 | _aGrief -- | ||
| 650 | _aWorry -- | ||
| 650 | _xJuvenile fiction. | ||
| 650 | _xJuvenile fiction. | ||
| 650 | _xJuvenile fiction. | ||
| 700 | _a820 | ||
| 999 |
_c299817 _d299817 |
||